Normal view
MARC view
Entry Topical Term
001 - CONTROL NUMBER
- control field: 39405
003 - CONTROL NUMBER IDENTIFIER
- control field: ARRUPE
005 - DATE AND TIME OF LATEST TRANSACTION
- control field: 20180219145510.0
008 - FIXED-LENGTH DATA ELEMENTS
- fixed length control field: 180219|| aca||aabn | a|a d
040 ## - CATALOGING SOURCE
- Original cataloging agency: ARRUPE
- Transcribing agency: ARRUPE
150 ## - HEADING--TOPICAL TERM
- Topical term or geographic name as entry element: Cape of Good Hope (South Africa)
- General subdivision: Description and travel
670 ## - SOURCE DATA FOUND
- Source citation: Work cat.: (ARRUPE)93650: Burchell, William John 39403, Travels in the interior of Southern Africa /, 1882